000 00356nam a2200145 4500
001 122936
003 ES-MaACL
005 20230906192054.0
007 t|
008 070214q1948 sp r ||||0| spa d
245 0 0 _aProntuario fotográfico.
260 _aMadrid :
_bBiblis,
_c[1948?]
300 _a143 p ;
_c13 cm.
852 _aES-MaACL
_jD-5230
_bR.26871
999 _c122936
_d122936